Amino Acids to 3 letter codes - Statistics

General Stats
  • This quiz has been taken 393 times
  • The average score is 17 of 20
Answer Stats
Amino Acid Answer % Correct
Serine Ser
99%
Proline Pro
98%
Glycine Gly
93%
Lysine Lys
93%
Histidine His
92%
Methionine Met
92%
Phenylalanine Phe
92%
Threonine Thr
92%
Tyrosine Tyr
92%
Glutamic acid Glu
88%
Tryptophan Trp
88%
Alanine Ala
86%
Cysteine Cys
85%
Aspartic Acid Asp
79%
Isoleucine Ile
77%
Leucine Leu
77%
Arginine Arg
76%
Valine Val
76%
Glutamine Gln
74%
Asparagine Asn
66%
No matching quizzes found
Score Distribution
Percent of People with Each Score
Percentile by Number Answered
Your Score History
You have not taken this quiz